Ralph Hasenhüttl's Southampton - Statistics

General Stats
  • This quiz has been taken 7 times
  • The average score is 25 of 66
Answer Stats
Rank Player Position Nationality Matches Goals Assists % Correct
20 Adam Armstrong Centre-Forward 42 3 4
100%
23 Armando Broja Centre-Forward 38 9 2
100%
6 Ché Adams Centre-Forward 124 26 13
100%
22 Fraser Forster Goalkeeper 38 0 0
100%
1 James Ward-Prowse Central Midfield 166 33 21
100%
2 Jan Bednarek Centre-Back 141 6 4
100%
7 Kyle Walker-Peters Right-Back 93 4 7
100%
5 Oriol Romeu Defensive Midfield 126 4 4
100%
3 Stuart Armstrong Central Midfield 135 15 12
100%
8 Alex McCarthy Goalkeeper 90 0 0
83%
10 Danny Ings Centre-Forward 88 41 9
83%
14 Jannik Vestergaard Centre-Back 71 4 0
67%
35 Joe Aribo Central Midfield 15 2 0
67%
32 Maya Yoshida Centre-Back 23 0 1
67%
4 Nathan Redmond Right Winger 128 21 20
67%
11 Shane Long Centre-Forward 83 10 7
67%
28 Angus Gunn Goalkeeper 27 0 0
50%
31 Cédric Soares Right-Back 24 1 1
50%
37 Gavin Bazunu Goalkeeper 14 0 0
50%
9 Jack Stephens Centre-Back 90 3 4
50%
43 Mario Lemina Defensive Midfield 7 1 0
50%
18 Mohamed Elyounoussi Right Winger 55 8 5
50%
16 Mohammed Salisu Centre-Back 65 1 1
50%
17 Pierre-Emile Højbjerg Defensive Midfield 57 2 4
50%
46 Roméo Lavia Defensive Midfield 6 1 0
50%
12 Ryan Bertrand Left-Back 81 1 2
50%
39 Armel Bella-Kotchap Centre-Back 10 0 1
33%
41 Kevin Danso Centre-Back 10 0 1
33%
13 Moussa Djenepo Left Winger 78 4 3
33%
25 Romain Perraud Left-Back 35 3 3
33%
30 Sofiane Boufal Attacking Midfield 25 1 2
33%
24 Theo Walcott Right Winger 37 3 3
33%
60 Thierry Small Left-Back 1 0 0
33%
33 Will Smallbone Central Midfield 20 1 2
33%
36 Charlie Austin Centre-Forward 15 1 3
17%
47 Duje Caleta-Car Centre-Back 6 0 0
17%
15 Ibrahima Diallo Defensive Midfield 66 1 2
17%
44 Josh Sims Right Winger 7 0 1
17%
51 Juan Larios Left-Back 5 0 0
17%
54 Kayne Ramsay Right-Back 4 0 0
17%
29 Lyanco Centre-Back 25 0 0
17%
38 Matt Targett Left-Back 14 1 2
17%
26 Michael Obafemi Centre-Forward 33 5 3
17%
21 Nathan Tella Right Winger 41 2 5
17%
45 Samuel Edozie Left Winger 7 0 0
17%
42 Sékou Mara Centre-Forward 10 0 1
17%
40 Takumi Minamino Left Winger 10 2 0
17%
27 Tino Livramento Right-Back 32 1 2
17%
56 Tyreke Johnson Left Midfield 3 0 0
17%
53 Willy Caballero Goalkeeper 4 0 0
17%
19 Yan Valery Right-Back 51 2 2
17%
48 Ainsley Maitland-Niles Right-Back 6 0 0
0%
57 Alexandre Jankewitz Central Midfield 3 0 0
0%
61 Allan Tchaptchet Centre-Back 1 0 0
0%
55 Caleb Watts Attacking Midfield 4 0 0
0%
50 Callum Slattery Central Midfield 5 0 0
0%
34 Dan Nlundulu Centre-Forward 16 1 0
0%
66 Diamond Edwards Attacking Midfield 1 0 0
0%
64 Dom Ballard Centre-Forward 1 1 0
0%
49 Jake Vokins Left-Back 5 1 0
0%
58 Kgaogelo Chauke Central Midfield 1 0 0
0%
59 Lewis Payne Right-Back 1 0 1
0%
65 Manolo Gabbiadini Centre-Forward 1 0 0
0%
62 Marcus Barnes Centre-Forward 1 0 0
0%
63 Ryan Finnigan Central Midfield 1 0 0
0%
52 Sam Gallagher Centre-Forward 5 0 0
0%
No matching quizzes found
Score Distribution
Percent of People with Each Score
Percentile by Number Answered
Your Score History
You have not taken this quiz